| 000 | 01026nam a2200253Ia 4500 | ||
|---|---|---|---|
| 003 | Ost | ||
| 005 | 20260507075517.0 | ||
| 008 | 260507s9999||||xx |||||||||||||| ||und|| | ||
| 040 | _cfsecg | ||
| 041 | _aara | ||
| 082 | _a350 | ||
| 100 |
_aإدريس، وائل محمد صبحي _eمؤلف |
||
| 245 | 0 |
_aتوجيه الأداء الاستراتيجي : _bالرصف والمحاذاة / _c وائل محمد صبحي إدريس |
|
| 260 |
_aعمان: _bدار وائل للنشر, _c2009 |
||
| 300 |
_a176 صفحة؛ _bإيضاحات ؛ _c24 سم |
||
| 490 | _aسلسلة إدارة الأداء الإستراتيجي(3) | ||
| 504 | _aببليوغرافيا:ص ص.175-176 | ||
| 520 | _aتضمين بطاقة التقييم المتوازن في نظام إدارة المنظمة،بطاقةالتقييم المتوازن | ||
| 653 | _aالأداء | ||
| 653 | _aالإدارة | ||
| 653 | _aالتنظيم | ||
| 700 |
_aالغالبي، طاهر محسن منصور _eمؤلف ثانوي |
||
| 942 | _cكتاب | ||
| 999 |
_c44757 _d44757 |
||